Continuación del modelo de servicios quirúrgicos Hospital San Juan de Dios
Kaydedildi:
| Yazar: | |
|---|---|
| Diğer Yazarlar: | |
| Materyal Türü: | Kitap |
| Baskı/Yayın Bilgisi: |
San José, Costa Rica
1992
|
| Konular: | |
| Etiketler: |
Etiketle
Etiket eklenmemiş, İlk siz ekleyin!
|
MARC
| LEADER | 00000nam a2200000Ia 4500 | ||
|---|---|---|---|
| 003 | 007400 | ||
| 005 | 20231206102024.0 | ||
| 008 | 140114s1992 cr a m 000 ||s d | ||
| 040 | |c cru CEDI | ||
| 090 | |a TFG 3116 | ||
| 100 | |a Chacón Ch., Mario Arturo |9 11297 | ||
| 245 | |a Continuación del modelo de servicios quirúrgicos Hospital San Juan de Dios | ||
| 260 | |a San José, Costa Rica |c 1992 | ||
| 300 | |a xiii 136 [118] hojas ; 28 cm. | ||
| 500 | |a Proyecto de graduación (licenciatura en ingeniería industrial)--Universidad de Costa Rica. Facultad de Ingeniería. Escuela de Ingeniería Industrial | ||
| 650 | |x HOSPITAL SAN JUAN DE DIOS (COSTA RICA).. CONSULTA EXTERNA. SECCION QUIRURGICA |9 11299 | ||
| 700 | |9 11298 |a Piedra C., Gustavo | ||
| 942 | |c TFG |h TFG 3116 |i 007400 |6 TFG_3116_007400000000000 | ||
| 999 | |c 19615 |d 19615 | ||
